मुल्ला नसरूद्दीन (Record no. 5586)

MARC details
000 -LEADER
fixed length control field 00984 a2200253 4500
005 - DATE AND TIME OF LATEST TRANSACTION
control field 20181128143939.0
010 ## - LCCN (DPL NO)
LC control number B-283409, B-253712
020 ## - INTERNATIONAL STANDARD BOOK NUMBER
International Standard Book Number 8190183486
Terms of availability 125.00
035 ## - SYSTEM CONTROL NUMBER
System control number B-283409
035 ## - SYSTEM CONTROL NUMBER
System control number B-253708, B-253712
037 ## - SOURCE OF ACQUISITION
Source of stock number/acquisition B.P.P.D/D.B.Act/pub
082 ## - DEWEY DECIMAL CLASSIFICATION NUMBER
Classification number
100 ## - MAIN ENTRY--PERSONAL NAME
Personal name सुमित कुमार
245 ## - TITLE STATEMENT
Title मुल्ला नसरूद्दीन
Statement of responsibility, etc सुमित कुमार
246 ## - VARYING FORM OF TITLE
Title proper/short title Mulla nasiruddeen
260 ## - PUBLICATION, DISTRIBUTION, ETC. (IMPRINT)
Place of publication, distribution, etc दिल्ली
Name of publisher, distributor, etc ममता पुरकाशन
Date of publication, distribution, etc 2007
270 ## - ADDRESS
Address ई-5/13,लाजपतराय चौक ,कृष्णनगर,न.
City दिल्ली
Postal code 110051
300 ## - PHYSICAL DESCRIPTION
Extent 80 पृ
Dimensions 24सेमी (सजिल्द)
490 ## - SERIES STATEMENT
Series statement बाल चित्र कथाएँ
650 ## - SUBJECT ADDED ENTRY--TOPICAL TERM
Topical term or geographic name as entry element हिन्दी कहानियाँ
650 ## - SUBJECT ADDED ENTRY--TOPICAL TERM
Topical term or geographic name as entry element Hindi Stories
942 ## - ADDED ENTRY ELEMENTS (KOHA)
Institution code [OBSOLETE] dpl
Item type Children Books
Call number prefix क / सुमित
Source of classification or shelving scheme Dewey Decimal Classification
Classification part
Call number suffix सुमित
Holdings
Withdrawn status Lost status Not for loan Collection code Home library Current library Date acquired Source of acquisition Cost, normal purchase price Full call number Barcode Copy number Cost, replacement price Koha item type
      Non-fiction R.C.Libraries (zls) R.C.Libraries (zls) 13/11/2018   125.00 क सुमित B-253708   125.00 Children Books
      Non-fiction R.C.Libraries (zls) R.C.Libraries (zls) 28/11/2018   125.00 808.87 कुमार B-253712 1. 125.00 Children Books
      Non-fiction Vinoba Puri Vinoba Puri 01/10/2008 BPPD / 125.00 क सुमित B-283409 1 125.00 Children Books
      Fiction Yojana Vihar Yojana Vihar 23/07/2008 BPPD/PUB 200.00 क सुमित B-211939 1 200.00 Children Books

© Delhi Public Library
Hit Counter
free hit counter